|
|
|
|
| LEADER |
00663nab a2200181 i 4500 |
| 001 |
publ5040 |
| 005 |
20180906130407.0 |
| 008 |
150318s2014 hu o 0|| spanyol d |
| 022 |
|
|
|a 1139-8205
|
| 024 |
7 |
|
|a 2814462
|2 mtmt
|
| 040 |
|
|
|a SZTE Publicatio Repozitórium
|b hun
|
| 041 |
|
|
|a spanyol
|
| 100 |
1 |
|
|a Katona Eszter
|
| 245 |
1 |
0 |
|a Federico García Lorca en Hungría y las traducciones húngaras del Romancero gitano
|h [elektronikus dokumentum] /
|c Katona Eszter
|
| 260 |
|
|
|c 2014
|
| 300 |
|
|
|a 369-390
|
| 490 |
0 |
|
|a Revista de Humanidades y Ciencias Sociales
|v 2014 No. 4
|
| 856 |
4 |
0 |
|u http://publicatio.bibl.u-szeged.hu/5040/1/Katona%20Erebea%202014.pdf
|z Dokumentum-elérés
|